00331nam a2200121Ia 4500008004100000082000800041100001400049245006800063250000800131260004600139300000800185650001600193191201s2011 xx 000 0 und d a004 aDIXIT, JB 0aFundamentals of Computer Programming and Information Technology aRep aN. delhibDhanpat Rai Pubns (P) Ltdc2011 a688 aB.Tech(CSE)